Doctor Who Series 5 Characters Quiz Stats

Quiz not verified by Sporcle

Challenge
Share
Tweet
Embed
Score 0/32 Timer 06:00
0 Plays Today
hint characters % Correct
a man in a blue boxThe Doctor
100%
The Scottish companionAmy Pond
99%
The companions husbandRory Williams
98%
The mysterious ladyRiver Song
91.9%
The famous leader from WW2Winston Churchill
89.3%
The famous artistVincent Van Gough
82.2%
The Doctors lodgerCraig
55.3%
Time to go to sleep Dream Lord
48.7%
The lady with a maskLiz 10
47.7%
The lodger best friendSophie
41.1%
White dalekSupreme
34%
The good looking one ( says the doctor )Jeff
31%
Orange dalekScientist
27.4%
Silurian (warrior)Alaya
25.9%
The Robot scientistBracewell
24.4%
her sonElliot
24.4%
hint characters % Correct
The companions fatherAugustus Pond
21.8%
Red dalekDrone
21.3%
Blue dalekStrategist
20.8%
Yellow dalekEternal
20.3%
The vampires motherRosanna
18.8%
Silurian (leader)Restac
18.8%
The woman who killed a silurianAmbrose
18.3%
his fatherMo
17.8%
The little girlMandy
17.3%
The person that the grandad lovesNasreen
16.2%
The Vampire / Fish guyFrancesco
15.7%
The little BoyTimmy
12.7%
The companions motherTabetha Pond
10.7%
The WinderPeter
8.1%
The sons grandadTony Mac
7.6%
Silurian (Scientist)Malohek
1%

You're not logged in!

Compare scores with friends on all Sporcle quizzes.
Sign Up with Email
OR
Log In

You Might Also Like...

Show Comments

Extras

Top Quizzes Today


Score Distribution

Your Account Isn't Verified!

In order to create a playlist on Sporcle, you need to verify the email address you used during registration. Go to your Sporcle Settings to finish the process.